| 000 | 00540nam a2200193Ia 4500 | ||
|---|---|---|---|
| 005 | 20250326141214.0 | ||
| 008 | 250326s9999 xx 000 0 und d | ||
| 020 | _a0-412 40250 5 | ||
| 037 | _aTextbook | ||
| 040 |
_aFMSL _beng _cFMSL |
||
| 041 |
_aeng _2eng |
||
| 084 |
_aX:94 N5 _qFMSL |
||
| 100 |
_aGlendon A I _9743939 |
||
| 245 | 0 |
_aHuman safety and risk management _cGlendon A I; Mckenna E F |
|
| 260 |
_aLondon _bLondon, Chapman & Hill _c1995 |
||
| 300 | _a408p | ||
| 942 |
_cTB _hX:94 N5 |
||
| 999 |
_c1289219 _d1289219 |
||